Magic: the Gathering Planes of the Multiverse - Statistics

General Stats
  • This quiz has been taken 279 times
  • The average score is 12 of 19
Answer Stats
Expansion Plane % Correct
Hour of Devastation Amonkhet
88%
Champions of... Kamigawa
87%
Eldritch Moon Innistrad
86%
Rivals of... Ixalan
86%
Journey into Nyx Theros
86%
Aether Revolt Kaladesh
85%
Conflux Alara
83%
Gatecrash Ravnica
82%
Oath of the Gatewatch Zendikar
81%
Time Spiral Dominaria
76%
Morningtide Lorwyn / Shadowmoor
75%
Fate Reforged Tarkir
71%
Fifth Dawn Mirrodin / New Phyrexia
69%
Mercadian Masques Mercadia
53%
Stronghold Rath
36%
Conspiracy Fiora
34%
Magic 2015 / MicroProse Game Shandalar
30%
Battlebond Kylem
22%
Homelands Ulgrotha
19%
No matching quizzes found
Score Distribution
Percent of People with Each Score
Percentile by Number Answered
Your Score History
You have not taken this quiz